| 000 | 00632cam a22002173a 4500 | ||
|---|---|---|---|
| 001 | 37528 | ||
| 003 | PGUSA | ||
| 005 | 20140828083825.0 | ||
| 008 | 110925s2011||||xxu|||||s|||||000 | eng d | ||
| 040 |
_aPGUSA _beng |
||
| 042 | _adc | ||
| 100 | 1 |
_aChambers, Robert W. _q(Robert William), _d1865-1933 |
|
| 245 | 1 | 0 |
_aQuick Action _h[electronic resource] / _cRobert W. Chambers |
| 260 |
_bProject Gutenberg, _c2011 |
||
| 506 | _aPublic domain in the USA. | ||
| 516 | _aElectronic text | ||
| 700 | 1 |
_aFrederick, Edmund, _d1870- |
|
| 830 | 0 |
_aProject Gutenberg _v37528 |
|
| 856 | 4 | 0 | _uhttp://www.gutenberg.org/ebooks/37528 |
| 942 | _cEB | ||
| 999 |
_c266782 _d266782 |
||